Marcatori del Milan in UEFA Champions League 2023-2024 - Statistics

Statistiche generali
  • Questo quiz è stato fatto 66 volte
  • Il punteggio medio è 4 su 5
Statistiche sulle risposte
Partita Minuto Marcatore % Corretto
Milan - Paris Saint-Germain 2-1 12' Rafael Leão
100%
Milan - Paris Saint-Germain 2-1 50' Olivier Giroud
94%
Newcastle United - Milan 1-2 59' Christian Pulisic
84%
Milan - Borussia Dortmund 1-3 37' Samuel Chukwueze
63%
Newcastle United - Milan 1-2 84' Samuel Chukwueze
63%
Nessun quiz corrispondente trovato
Distribuzione punteggi
Percentuale di utenti per punteggio
Percentile per numero di risposta
I tuoi punteggi nel tempo
Non hai fatto questo quiz